Discursos leídos ante la Academia de la Historia, (Record no. 170732)

MARC details
000 -LEADER
campo de control de longitud fija 01079nam a2200181 i 4500
001 - NÚMERO DE CONTROL
campo de control 170732
003 - IDENTIFICADOR DE NÚMERO DE CONTROL
campo de control ES-MaACL
005 - FECHA Y HORA DE LA ÚLTIMA TRANSACCIÓN
campo de control 20230906214439.0
008 - DATOS DE LONGITUD FIJA--INFORMACIÓN GENERAL
campo de control de longitud fija 090401s18721879sp |||| | spa d
080 ## - NÚMERO DE LA CLASIFICACIÓN DECIMAL UNIVERSAL
Número de la Clasificación Decimal Universal 94(460)
110 2# - ENTRADA PRINCIPAL--NOMBRE DE ENTIDAD CORPORATIVA
Nombre de entidad corporativa o nombre de jurisdicción como elemento de entrada Real Academia de la Historia (España)
9 (RLIN) 6309
245 10 - MENCIÓN DEL TÍTULO
Título Discursos leídos ante la Academia de la Historia,
Fechas extremas/inclusivas 1872-1879 /
Mención de responsabilidad, etc. Real Academia de la Historia.
260 ## - PUBLICACIÓN, DISTRIBUCIÓN, ETC.
Lugar de publicación, distribución, etc. Madrid :
Nombre del editor, distribuidor, etc. [s.n.],
Fecha de publicación, distribución, etc. 1872 (
Fabricante Imp. de T. Fortanet)
300 ## - DESCRIPCIÓN FÍSICA
Extensión 1 v. ;
Dimensiones 31 cm.
505 8# - NOTA DE CONTENIDO CON FORMATO
Nota de contenido con formato Contiene: Antigüedades del Cerro de los Santos en término de Montealegre / Juan de Dios de la Rada y Delgado (110 p.). Contestación / Aureliano Fernández-Guerra y Orbe (p. 112-181 + 22 h. de lám.). Discurso leido ante S.M. el Rey D. Alfonso XII dedicado a la buena memoria de D. José Amador de los Ríos / Juan de Dios de la Rada y Delgado (28 p.). El gerundense y la España primitiva / Fidel Fita y Colomé (237 p.).
545 ## - DATOS BIOGRÁFICOS O HISTÓRICOS
Datos biográficos o históricos Ded. autógrafa de Juan de Dios de la Rada y Delgado a la Biblioteca del Ateneo de Madrid.
852 ## - LOCALIZACIÓN
Ubicación ES-MaACL
Número de control de estantería K-120
Nota libre - Enc. pasta española
Holdings
Estatus retirado Estado de pérdida Estado de daño No para préstamo Colección Biblioteca de origen Biblioteca actual Ubicación en estantería Fecha de adquisición Total de préstamos Signatura topográfica completa Código de barras Visto por última vez Precio de reemplazo Tipo de ítem Koha
        Libros del s. XIX Biblioteca del Ateneo de Madrid Biblioteca del Ateneo de Madrid Administración 01/04/2009   K-120 1179175 23/02/2023 23/02/2023 Libro impreso antiguo